Bazální stimulace podle prof. Dr. Fröhlicha / Karolína Maloň Friedlová
Record details
- ISBN: 978-80-88361-40-4
- Physical Description: 427 stran : barevné ilustrace, portréty ; 22 cm
- Edition: Vydání 1.
- Publisher: Tábor : Asociace poskytovatelů sociálních služeb ČR, 2024
Content descriptions
| Bibliography, etc. Note: | Obsahuje bibliografie a bibliografické odkazy |
| Language Note: | Částečně slovenský a souběžný německý text |
Search for related items by subject
| Subject: | bazální stimulace basal stimulation |
| Genre: | monografie monographs |
Available copies
- 1 of 1 copy available at Common Catalog SPOK.
Holds
- 0 current holds with 1 total copy.
Show Only Available Copies
| Location | Call Number / Copy Notes | Barcode | Shelving Location | Status | Due Date |
|---|---|---|---|---|---|
| Jabok Library | VO-3.8/M | 424480046858 | Odborná literatura | Available | - |
| LDR | 01303nam a2200373 i 4500 | ||
|---|---|---|---|
| 001 | 58388 | ||
| 003 | CZ-PrJAB | ||
| 005 | 20241210073429.0 | ||
| 007 | ta | ||
| 008 | 241113s2024 xr ac f 000 0 cze | ||
| 015 | . | ‡acnb003643002 | |
| 020 | . | ‡a978-80-88361-40-4 ‡q(vázáno) | |
| 035 | . | ‡a(CZ PrNK)nkc20243643002 | |
| 040 | . | ‡aBOA001 ‡bcze ‡erda | |
| 041 | 1 | . | ‡acze ‡ager ‡bslo ‡hger |
| 072 | 7. | ‡a616 ‡xPatologie. Klinická medicína ‡2Konspekt ‡914 | |
| 080 | . | ‡a612.825.063 ‡2MRF | |
| 080 | . | ‡a(048.8) ‡2MRF | |
| 100 | 1 | . | ‡aMaloň Friedlová, Karolína ‡7xx0042697 ‡4aut |
| 245 | 1 | 0. | ‡aBazální stimulace podle prof. Dr. Fröhlicha / ‡cKarolína Maloň Friedlová |
| 250 | . | ‡aVydání 1. | |
| 264 | 1. | ‡aTábor : ‡bAsociace poskytovatelů sociálních služeb ČR, ‡c2024 | |
| 300 | . | ‡a427 stran : ‡bbarevné ilustrace, portréty ; ‡c22 cm | |
| 336 | . | ‡atext ‡btxt ‡2rdacontent | |
| 337 | . | ‡abez média ‡bn ‡2rdamedia | |
| 338 | . | ‡asvazek ‡bnc ‡2rdacarrier | |
| 504 | . | ‡aObsahuje bibliografie a bibliografické odkazy | |
| 546 | . | ‡aČástečně slovenský a souběžný německý text | |
| 650 | 0 | 7. | ‡abazální stimulace ‡7ph367796 ‡2czenas |
| 650 | 0 | 9. | ‡abasal stimulation ‡2eczenas |
| 655 | 7. | ‡amonografie ‡7fd132842 ‡2czenas | |
| 655 | 9. | ‡amonographs ‡2eczenas | |
| 910 | . | ‡aABG312 | |
| 995 | . | ‡aska | |
| 901 | . | ‡a58388 ‡bAUTOGEN ‡c58388 ‡tbiblio | |